00594 2200205 4500001002100000005001700021008004100038020001300079035002500092082001300117090002000130245006900150250001100219260003900230300003100269500002700300650003100327850001200358990001800370YOGYA-0209000004160320150527145522.0 ind  a979-685- a0010-020900000041603 a791.5303 aR 791.5303bEns aENSIKLOPEDI Wayang kulit Banjarceditor, N. Gunadi Kasnowihardjo aCet. 1 aBanjarmasinbBalai Arkeologic2006 aviii, 108 hlmbilusc20 cm aBibliografi : hlm. 108 aWayang Kulit - Ensiklopedi aYOPDYOG a22468-PD/A.07